| 000 | 00787nam a2200241Ia 4500 | ||
|---|---|---|---|
| 003 | GCL | ||
| 008 | 140319s9999 xx 000 0 ara d | ||
| 040 |
_aGCL / _cGCL |
||
| 082 | 0 | 4 |
_a962.42 _bم س |
| 100 | 1 | _aمكى الطيب شبيكة | |
| 245 | 1 | 0 |
_aالسودان فى قرن 1919-1819 / _cمكى الطيب شبيكة |
| 260 |
_a[S.N] : _bلجنة التأليف والترجمة والنشر ، _c1947 |
||
| 300 | _a345 ص | ||
| 490 | _a | ||
| 650 | 0 | 4 | _aمصر |
| 650 | 0 | 4 | _aتاريخ |
| 650 | 0 | 4 | _aالسودان |
| 650 | 0 | 4 | _aالاستعمار فى البلاد العربية |
| 650 | 0 | 4 | _aالحكم المصرى البريطانى |
| 650 | 0 | 4 | _aالثورة المهدية ( 1899-1882 ) |
| 650 | 0 | 4 | _aالاستعمار البريطانى |
| 942 |
_2ddc _cBK |
||
| 999 |
_c27528 _d27528 |
||